| 000 | 00577nam a2200229Ia 4500 | ||
|---|---|---|---|
| 003 | OSt | ||
| 005 | 20220924145621.0 | ||
| 006 | a|||||r|||| 00| 0 | ||
| 007 | ta | ||
| 008 | 220923b |||||||| |||| 00| 0 kan d | ||
| 024 | _a329581 | ||
| 037 | _cTextual | ||
| 040 |
_aARTS _cARTS _bkan |
||
| 041 |
_2kan _akan |
||
| 082 | _aO142,3x, 33J5 | ||
| 100 |
_aUmapati Ed. _9220197 |
||
| 245 | 0 | _aRussiada kathe galu | |
| 260 | _c1955 | ||
| 650 |
_aRUSSIAN LITERATURE _915056 |
||
| 942 |
_hO142,3x, 33J5 _cTEXL _2CC |
||
| 999 |
_c460676 _d460676 |
||